000 00892cab a2200277 4500
001 ABS54165
008 090401t1995 xxu||||| |||| 00| 0 eng d
035 _a(Sirsi) u8864
041 _aeng
100 _aStubbs, A.
245 _aCleaning up - the Act
260 _c1995
350 _a0
490 _aBuilding
_v260(7921) 15 December 1995, 30(1)
520 _aDiscusses the likely impact of the Environment Act 1995 on the construction industry, which is due to come into force, for the most part, in April 1996.
650 _aAPPROPRIATE PERSON
650 _aCONSTRUCTION INDUSTRY
650 _aCONTAMINATED LAND
650 _aENVIRONMENT ACT 1995
650 _aENVIRONMENT AGENCY
650 _aENVIRONMENTAL PROTECTION ACT 1990
650 _aSCOTTISH ENVIRONMENTAL PROTECTION AGENCY
690 _aENVIRONMENTAL AND LAND CONSULTANCY
942 _n0
948 _c04/03/1997
999 _c5490
_d5490